004270000a220012100045001000034000002450063000346500009000976500032001066500020001386510048001580410013002067730086002191 aMeyer de Schauensee, Rodolphe10aA collection of birds from southeastern Nariño, Colombia14aAves14aColecciones ornitológicas14aNuevas especies 4lCordillera de los AndesdNariñopColombia0 aInglés1 tProceedings of the Academy of Natural Sciences Philadelphia3123h104q1-33d1952